Statistics for Parks and Rec Superfan Quiz

Click here to take the quiz!

General Stats

  • This quiz has been taken 777 times
    (774 since last reset)
  • The average score is 11 of 15

Answer Stats

QuestionAnswer% Correct
What is Leslie's favorite food?Waffles
99%
The slogan for Donna and Tom's annual day to buy whatever you want is known as what?Treat Yo Self
97%
What is the name of the most loved animal in all of Pawnee?Lil' Sebastian
96%
How many people fall into the pit?3
95%
What other language does April speak?Spanish
89%
When you get screwed over by a specific councilmen, "You've been _______. You just got _______."Jammed
85%
Pawnee is home to factories for Sweetums candy and what other product?Rubber nipples
80%
The sister city to Pawnee is from what country?Venezuela
72%
Tom has an inventive home music speaker sysem known as what?DJ Roomba
68%
What animal is Pawnee infested with?Raccoons
62%
What is Donna's spirit dog?Cat
61%
Leslie has an extensive hobby of making a what for every occasion?Scrapbook
56%
Ron has redacted his birthday from every government document but gives it up to what establishment for a free birthday item?Baskin Robbins
54%
Whar is the name of the perfume/cologne mogel in Pawnee?Dennis Feinstein
53%
Leslie gives Ron a land mine as a present, what eventually come out of it when it explodes?Glitter
51%

Score Distribution

Percentile by Number Answered

Percent of People with Each Score

Your Score History

You have not taken this quiz since the last reset